Sport - Les champions français depuis 1948 - Statistiques

Statistiques générales
  • Ce quiz a été pris 25 fois
  • Le résultat moyen est 18 sur 60
Statistiques - réponses
Sportif Championnat / Jeux Réponse % Correct
Alain Bernard Alain Bernard
91%
Adrien Hardy Champion Olympique Adrien Hardy
74%
Bernard Hinault
70%
Tony Yoka Alain Bernard
61%
Tony Estanguet Adrien Hardy
52%
David Douillet
52%
Brahim Asloum
43%
Christian Jonquières d'Oriola David Douillet
43%
Bernard Hinault Brahim Asloum
39%
Brahim Asloum Christian Jonquières d'Oriola
39%
Florent Manaudou
39%
David Douillet Eric Srecki
35%
Eric Srecki
35%
Eric Srecki Florent Manaudou
35%
Jean Galfione Jean-Claude Killy
35%
Jean-Claude Killy Jean-François Lamour
35%
Florent Manaudou Jean Galfione
35%
Jean-François Lamour Jeannie Longo
35%
Jeannie Longo Julien Absalon
35%
Julien Absalon Laura Flessel
35%
Laura Flessel Laure Manaudou
35%
Laure Manaudou Lucie Décosse
35%
Lucie Décosse Marie-José Pérec
35%
Marcel Cerdan Martin Fourcade
35%
Marie-José Pérec Nicolas Karabatic
35%
Martin Fourcade Philippe Boisse
35%
Nicolas Karabatic Pierre Durand
35%
Philippe Boisse Pierre Jonquières d'Oriola
35%
Pierre Durand Pierre Quinon
35%
Christian Jonquières d'Oriola
30%
Jean Galfione
30%
Sébastien Loeb Teddy Riner
30%
Sébastien Ogier Tony Estanguet
30%
Sébastien Vieilledent Tony Yoka
30%
Jean-Claude Killy
26%
Jean-François Lamour
26%
Jeannie Longo
26%
Julien Absalon
26%
Laura Flessel
26%
Sébastien Loeb
22%
Sébastien Ogier
22%
Pierre Quinon Sébastien Vieilledent
22%
Teddy Riner Champion du monde Marcel Cerdan
17%
Martin Fourcade
17%
Nicolas Karabatic
17%
Philippe Boisse
17%
Pierre Durand
17%
Pierre Jonquières d'Oriola
17%
Sébastien Vieilledent
17%
Teddy Riner
17%
Tony Estanguet
17%
Tony Yoka
17%
Marie-José Pérec
13%
Jeux Méditerranéens Adrien Hardy
9%
Christian Jonquières d'Oriola
9%
Laure Manaudou
4%
Lucie Décosse
4%
Marie-José Pérec
4%
Pierre Jonquières d'Oriola Renaud Lavillenie
0%
Renaud Lavillenie
0%
Aucun quiz correspondant
Distribution des résultats
% des personnes avec chaque résultat
Percentile par nombre de réponses
Votre historique - résultats
Vous n’avez pas pris ce quiz